00270nam a2200121Ia 4500008004100000082001800041100001500059245002000074250000800094260002300102300001000125650001300135150201s2013 xx 000 0 und d a616.462bD13R aRAMAN, PG. aDIABETES PEANLS a2ND bPARASaINDIAc2013 a1-559 aDIABETES